000 00640cam a22002291 4500
001 sa 68003119
003 DLC
005 20260227112449.0
008 890609s1967 ii c b 000 0 hino
010 _asa 68003119
035 _a(OCoLC)19842362
040 _aDLC
_cWaU
_dDLC
042 _apremarc
050 0 0 _aPK2098.G86
_bZ87
100 1 _aSahagala, Manamohana.
245 1 0 _aUpanyāsakāra Gurudatta : vyaktitva evaṃ kr̥titva.
260 _c[1967]
300 _a336 p.
_bport.
_c22 cm.
500 _aIn Hindi ; some quotations in Sanskrit and English.
504 _aBibliographical footnotes.
600 0 0 _aGurudatta,
_d1894-
999 _c79249
_d79249